[Event "USCL Boston vs New York"]
[Site "?"]
[Date "2005.08.31"]
[Round "1"]
[White "Perelshteyn, Eugene"]
[Black "Stripunsky, Alex"]
[Result "1-0"]
[WhiteElo "2576"]
[BlackElo "2642"]
[PlyCount "99"]
[EventDate "2015.05.30"]
[SourceDate "2015.05.30"]

1. e4 c5 2. Nf3 e6 3. d4 cxd4 4. Nxd4 a6 5. Nc3 Qc7 6. g3 Bb4 7. Bd2 Nc6 8. Nb3
Be7 9. Bg2 Ne5 10. O-O d6 11. Nd4 Nf6 12. b3 Bd7 13. a4 Rc8 14. a5 O-O 15. Na4
Nc6 16. Nxc6 Bxc6 17. Nb6 Rcd8 18. Qe2 d5 19. Bf4 e5 20. exd5 exf4 21. dxc6
bxc6 22. Qxa6 fxg3 23. hxg3 Bc5 24. Na4 Ba7 25. Nb6 Rb8 26. Qc4 Bxb6 27. axb6
Rxb6 28. Rfe1 c5 29. Qc3 h5 30. Re5 c4 31. bxc4 Rfb8 32. Rae1 Rb1 33. Bf3 Rxe1+
34. Rxe1 Rc8 35. Rd1 Qc5 36. Kg2 Qf5 37. Rd4 Qg5 38. Qd3 Qa5 39. Bd5 Re8 40.
Rf4 Qa1 41. c3 Qa6 42. Qd4 Re1 43. Qc5 Qa1 44. Qc7 Qxc3 45. Qxf7+ Kh7 46. Rf5
Kh6 47. Bf3 Re5 48. Bxh5 Kh7 49. Rxf6 Rg5 50. Rf5 1-0

[Event "USCL Boston vs New York"]
[Site "?"]
[Date "2005.08.31"]
[Round "1"]
[White "Bonin, Jay"]
[Black "MacIntyre, Paul"]
[Result "1/2-1/2"]
[WhiteElo "2421"]
[BlackElo "2315"]
[PlyCount "92"]
[EventDate "2015.05.30"]
[SourceDate "2015.05.30"]

1. d4 Nf6 2. c4 g6 3. Nc3 Bg7 4. e4 d6 5. Nf3 O-O 6. Be2 e5 7. O-O Nc6 8. d5
Ne7 9. Nd2 c6 10. b4 a5 11. bxa5 Qxa5 12. Bb2 c5 13. Nb5 Ne8 14. f4 exf4 15.
Bxg7 Kxg7 16. Rxf4 Bd7 17. a4 f6 18. Qc2 Ng8 19. Qb2 Nh6 20. Rff1 Nf7 21. Nf3
Bc8 22. h3 Qd8 23. Bd3 Qe7 24. Bc2 Ne5 25. Nxe5 Qxe5 26. Qxe5 fxe5 27. Rxf8
Kxf8 28. Rb1 Ke7 29. Nc3 Nc7 30. Rb6 Ra6 31. Rxa6 Nxa6 32. a5 Bd7 33. Ba4 Bxa4
34. Nxa4 Nb4 35. Kf2 Nc2 36. Ke2 Nd4+ 37. Kd3 Nb3 38. Kc3 Nxa5 39. Nb6 Kd8 40.
g4 g5 41. Na8 Kc8 42. Nb6+ Kc7 43. Na8+ Kb8 44. Nb6 Kc7 45. Na8+ Kb8 46. Nb6
Kc7 1/2-1/2

[Event "USCL Boston vs New York"]
[Site "?"]
[Date "2005.08.31"]
[Round "1"]
[White "Kelleher, William"]
[Black "Braylovsky, Gregory"]
[Result "0-1"]
[WhiteElo "2386"]
[BlackElo "2386"]
[PlyCount "50"]
[EventDate "2015.05.30"]
[SourceDate "2015.05.30"]

1. e4 c5 2. Nf3 d6 3. d4 cxd4 4. Nxd4 Nf6 5. Nc3 Nc6 6. Bc4 Qb6 7. Nxc6 bxc6 8.
O-O e6 9. Qe2 Nd7 10. Na4 Qc7 11. b3 Be7 12. Bb2 O-O 13. Rad1 e5 14. Rd3 Nb6
15. Nxb6 axb6 16. a4 Kh8 17. f4 b5 18. axb5 Ra2 19. Rb1 Rxb2 20. Rxb2 Qa7+ 21.
Kh1 Qa1+ 22. Rd1 Qxb2 23. fxe5 cxb5 24. exd6 Bxd6 25. Bxb5 Qe5 0-1

[Event "USCL Boston vs New York"]
[Site "?"]
[Date "2005.08.31"]
[Round "1"]
[White "Fernandez, John"]
[Black "Krasik, Ilya"]
[Result "1/2-1/2"]
[WhiteElo "2122"]
[BlackElo "2153"]
[PlyCount "109"]
[EventDate "2015.05.30"]
[SourceDate "2015.05.30"]

1. e4 c5 2. Nf3 g6 3. c3 Bg7 4. d4 cxd4 5. cxd4 d5 6. e5 Nc6 7. Nc3 Bg4 8. Be2
Nh6 9. Qb3 Bxf3 10. Bxf3 e6 11. Qxb7 Nxd4 12. Bg5 Rb8 13. Qxa7 Nc6 14. Qc5 Qb6
15. Qxb6 Rxb6 16. O-O-O Nxe5 17. Bxd5 exd5 18. f4 f6 19. Bxh6 Bxh6 20. Nxd5 Rb7
21. Nxf6+ Kf7 22. Nd5 Rc8+ 23. Kb1 Nc4 24. b4 Bg7 25. a4 Nb6 26. Nxb6 Rxb6 27.
b5 Ra8 28. Rd7+ Kg8 29. Rhd1 Rxa4 30. Rd8+ Bf8 31. R8d5 Rb4+ 32. Kc2 R6xb5 33.
Rxb5 Rxb5 34. Rd2 Rb7 35. Kd3 Rd7+ 36. Ke2 Rxd2+ 37. Kxd2 h5 38. Ke3 Bc5+ 39.
Kf3 Kf7 40. h4 Kg7 41. g4 Kh6 42. f5 gxf5 43. gxf5 Kg7 44. Kg2 Kf6 45. Kh1 Ke5
46. f6 Kf4 47. f7 Bf8 48. Kg2 Kg4 49. Kh2 Kxh4 50. Kg2 Kg4 51. Kh2 h4 52. Kg2
h3+ 53. Kh2 Kh4 54. Kh1 Kg3 55. Kg1 1/2-1/2

[Event "USCL Miami vs Baltimore"]
[Site "?"]
[Date "2005.08.31"]
[Round "1"]
[White "Enkhbat, Tegshsuren"]
[Black "Martinez, Marcel"]
[Result "1/2-1/2"]
[WhiteElo "2420"]
[BlackElo "2451"]
[PlyCount "102"]
[EventDate "2015.05.30"]
[SourceDate "2015.05.30"]

1. Nf3 Nf6 2. c4 c5 3. g3 g6 4. Bg2 Bg7 5. O-O O-O 6. Nc3 Nc6 7. d4 d6 8. d5
Na5 9. Nd2 a6 10. Qc2 Rb8 11. Rb1 b5 12. b3 Bd7 13. h3 e5 14. Nce4 Ne8 15. f4
f5 16. Nf2 exf4 17. gxf4 Nf6 18. Bb2 bxc4 19. bxc4 Rxb2 20. Rxb2 Nh5 21. e3 Re8
22. Nd1 Bxb2 23. Qxb2 Qb8 24. Qc3 Qb4 25. Qxb4 cxb4 26. Kf2 Nb7 27. Nb2 a5 28.
Nd3 Rc8 29. Rc1 Nf6 30. Ke2 Kf8 31. Nb3 Ke7 32. Kd2 Ne4+ 33. Bxe4 fxe4 34. Nf2
a4 35. Nd4 Nc5 36. Rb1 Rb8 37. Kc2 a3 38. Kd2 Ba4 39. h4 Kd7 40. Ne6 Nxe6 41.
dxe6+ Kxe6 42. Nxe4 Bc6 43. Nf2 Ba4 44. Nd3 b3 45. axb3 Rxb3 46. Ra1 Bc6 47.
Kc2 Ba4 48. Kd2 Bc6 49. Kc2 Ba4 50. Kd2 Bd7 51. Kc2 Ba4 1/2-1/2

[Event "USCL Miami vs Baltimore"]
[Site "?"]
[Date "2005.08.31"]
[Round "1"]
[White "Lugo, Blas"]
[Black "Lopez, Bruci"]
[Result "1-0"]
[WhiteElo "2409"]
[BlackElo "2424"]
[PlyCount "53"]
[EventDate "2015.05.30"]
[SourceDate "2015.05.30"]

1. e4 e5 2. Nf3 Nc6 3. Nc3 Nf6 4. Bb5 Nd4 5. Bc4 d6 6. Nxd4 exd4 7. Nd5 Nxd5 8.
Bxd5 c6 9. Bb3 g6 10. Qf3 Qe7 11. d3 h6 12. O-O Bg7 13. Qg3 Be6 14. f4 Bxb3 15.
axb3 a6 16. f5 g5 17. Qf2 Bf6 18. Bd2 c5 19. b4 O-O-O 20. c4 dxc3 21. Bxc3 Bxc3
22. bxc3 c4 23. Qd4 cxd3 24. Qxd3 Rhe8 25. Rfe1 Qc7 26. Ra5 d5 27. Rc5 1-0

[Event "USCL Miami vs Baltimore"]
[Site "?"]
[Date "2005.08.31"]
[Round "1"]
[White "Battsetseg, Tsagaan"]
[Black "Moskow, Eric"]
[Result "1-0"]
[WhiteElo "2242"]
[BlackElo "2198"]
[PlyCount "93"]
[EventDate "2015.05.30"]
[SourceDate "2015.05.30"]

1. e4 c5 2. Nf3 d6 3. d4 cxd4 4. Nxd4 Nf6 5. Nc3 g6 6. Be3 Bg7 7. f3 Nc6 8. Qd2
O-O 9. O-O-O d5 10. exd5 Nxd5 11. Nxc6 bxc6 12. Bd4 e5 13. Bc5 Re8 14. Ne4 Qc7
15. h4 f5 16. Nd6 Rd8 17. Nxc8 Raxc8 18. h5 Rb8 19. Bc4 e4 20. Bd4 exf3 21.
hxg6 hxg6 22. gxf3 Bxd4 23. Qxd4 Qg7 24. Bb3 Qxd4 25. Rxd4 Kg7 26. Rhd1 Rh8 27.
Bxd5 cxd5 28. Rxd5 Rh2 29. Rd7+ Kh6 30. Rxa7 Rc8 31. c3 Rb8 32. b3 Rf2 33. c4
Re8 34. f4 Rxf4 35. Kb2 Rf2+ 36. Ka3 Ree2 37. Kb4 Rxa2 38. Rxa2 Rxa2 39. c5 Rc2
40. Rd4 g5 41. Rc4 Re2 42. c6 g4 43. c7 Re8 44. c8=Q Rxc8 45. Rxc8 Kg5 46. Kc3
Kf4 47. b4 1-0

[Event "USCL Dallas vs Philadelphia"]
[Site "?"]
[Date "2005.08.31"]
[Round "1"]
[White "Ramirez, Alejandro"]
[Black "Rogers, Norman"]
[Result "1-0"]
[WhiteElo "2565"]
[BlackElo "2319"]
[PlyCount "105"]
[EventDate "2015.05.30"]
[SourceDate "2015.05.30"]

1. e4 c5 2. Nc3 Nc6 3. Bb5 g6 4. Bxc6 bxc6 5. f4 Nf6 6. Nf3 Bg7 7. O-O O-O 8.
d3 d6 9. Qe1 Rb8 10. Qh4 e6 11. e5 Nd5 12. Qxd8 Rxd8 13. Ne4 Nb4 14. Rf2 c4 15.
a3 d5 16. Nf6+ Bxf6 17. exf6 Na6 18. Ne5 Bd7 19. dxc4 Nc5 20. Bd2 Be8 21. Bb4
Ne4 22. Re2 c5 23. Ba5 Rdc8 24. Rxe4 dxe4 25. Bc3 Rd8 26. Kf2 Ba4 27. Rc1 Rd6
28. Ke3 Rbd8 29. b3 Be8 30. Kxe4 Rd1 31. Rxd1 Rxd1 32. b4 cxb4 33. axb4 Rc1 34.
Kd3 h5 35. Bd4 a6 36. c5 Rh1 37. h3 Rh2 38. c6 Bxc6 39. Nxc6 Rxg2 40. Nb8 Rg3+
41. Ke2 Rxh3 42. Nxa6 Rh1 43. Kf3 Rb1 44. c4 Rb3+ 45. Kg2 Kf8 46. Nc7 Kg8 47.
Na6 Kf8 48. b5 Ke8 49. c5 Kd8 50. b6 Kd7 51. Nb8+ Kc8 52. Nc6 Rd3 53. Ne7+ 1-0

[Event "USCL Dallas vs Philadelphia"]
[Site "?"]
[Date "2005.08.31"]
[Round "1"]
[White "Costigan, Richard"]
[Black "Panchanathan, Magesh"]
[Result "1/2-1/2"]
[WhiteElo "2284"]
[BlackElo "2499"]
[PlyCount "77"]
[EventDate "2015.05.30"]
[SourceDate "2015.05.30"]

1. d4 Nf6 2. Nf3 e6 3. Bf4 b6 4. e3 Bb7 5. Bd3 Be7 6. h3 c5 7. c3 O-O 8. O-O
Be4 9. Qe2 Bxd3 10. Qxd3 d5 11. Nbd2 Nc6 12. a3 a5 13. Rfd1 c4 14. Qe2 b5 15.
e4 Re8 16. Ne5 Qb6 17. Re1 Nxe5 18. Bxe5 Qc6 19. Bxf6 Bxf6 20. Qf3 b4 21. axb4
axb4 22. Rxa8 Rxa8 23. exd5 exd5 24. Nf1 h6 25. Ne3 Ra5 26. Nxc4 Ra2 27. Ne5
Bxe5 28. Rxe5 b3 29. Rxd5 Qc7 30. g3 Rxb2 31. Qf5 Rc2 32. Rd7 Rc1+ 33. Kg2 Qxd7
34. Qxd7 b2 35. Qc8+ Kh7 36. Qf5+ Kg8 37. Qc8+ Kh7 38. Qf5+ Kg8 39. Qc8+
1/2-1/2

[Event "USCL Dallas vs Philadelphia"]
[Site "?"]
[Date "2005.08.31"]
[Round "1"]
[White "Baczynskyj, Boris"]
[Black "Copeland, Sam"]
[Result "1-0"]
[WhiteElo "2221"]
[BlackElo "2019"]
[PlyCount "63"]
[EventDate "2015.05.30"]
[SourceDate "2015.05.30"]

1. e4 e6 2. d4 d5 3. Nc3 Bb4 4. e5 c5 5. Qg4 Ne7 6. Nf3 cxd4 7. Nxd4 Qc7 8.
Bb5+ Bd7 9. O-O Bxc3 10. bxc3 O-O 11. Ba3 Re8 12. Bd6 Qa5 13. Bxd7 Nxd7 14.
Nxe6 Ng6 15. Nc7 Ndxe5 16. Qb4 Qxb4 17. cxb4 Nc4 18. Bc5 b6 19. Nxa8 Rxa8 20.
Bd4 Re8 21. Rfe1 Re6 22. a4 Nf4 23. Be3 Ng6 24. Rad1 Nxe3 25. Rxe3 Ne7 26. c4
Rxe3 27. fxe3 Kf8 28. cxd5 Ke8 29. e4 f6 30. Kf2 Kd7 31. Ke3 Kd6 32. Kd4 1-0

[Event "USCL Carolina vs San Francisco"]
[Site "?"]
[Date "2005.08.31"]
[Round "1"]
[White "Kaminski, Marcin"]
[Black "McCambridge, Vince"]
[Result "1-0"]
[WhiteElo "2474"]
[BlackElo "2502"]
[PlyCount "75"]
[EventDate "2015.05.30"]
[SourceDate "2015.05.30"]

1. e4 e6 2. Qe2 c5 3. Nf3 Nc6 4. g3 g6 5. Bg2 Bg7 6. O-O Nge7 7. c3 d5 8. d3 b6
9. Na3 Ba6 10. e5 Qc7 11. Re1 O-O-O 12. Rb1 Qd7 13. b4 cxb4 14. cxb4 Bb7 15.
Nb5 Kb8 16. a4 Nc8 17. a5 a6 18. Nbd4 b5 19. Nxc6+ Bxc6 20. Be3 Na7 21. Bb6 Rc8
22. Nd4 Bb7 23. Bc5 Ka8 24. Nb3 Nc6 25. d4 Ne7 26. Bb6 h5 27. Nc5 Qe8 28. h4
Nf5 29. Qd3 Rc6 30. Rbc1 Ne7 31. Rc3 Bh6 32. Re2 Nc8 33. Nxb7 Kxb7 34. Rxc6
Qxc6 35. Rc2 Qe8 36. Rc7+ Kb8 37. Qc3 Qd8 38. Qc6 1-0

[Event "USCL Carolina vs San Francisco"]
[Site "?"]
[Date "2005.08.31"]
[Round "1"]
[White "Vucic, Mladen"]
[Black "Milman, Lev"]
[Result "0-1"]
[WhiteElo "2418"]
[BlackElo "2538"]
[PlyCount "88"]
[EventDate "2015.05.30"]
[SourceDate "2015.05.30"]

1. d4 Nf6 2. Nf3 g6 3. c4 Bg7 4. g3 O-O 5. Bg2 d6 6. O-O c5 7. Nc3 Nc6 8. dxc5
dxc5 9. Be3 Qa5 10. Nd5 Nd7 11. Bd2 Qd8 12. Bc3 e5 13. e4 Re8 14. Ne1 Nb6 15.
b3 Nxd5 16. cxd5 Nd4 17. Bxd4 exd4 18. Nd3 b6 19. f4 Bb7 20. Re1 f5 21. exf5
Rxe1+ 22. Qxe1 Bxd5 23. fxg6 hxg6 24. Qe2 Qd7 25. Re1 Rc8 26. Ne5 Bxe5 27. Qxe5
Bf7 28. Qg5 d3 29. Bf3 b5 30. Re7 Qf5 31. Rc7 Rxc7 32. Qd8+ Kg7 33. Qxc7 c4 34.
Qxa7 Qf6 35. bxc4 bxc4 36. Bd5 d2 37. Bf3 Qa1+ 38. Kf2 d1=Q 39. Bxd1 Qxd1 40.
Qe3 Qc2+ 41. Qe2 Qc3 42. a4 Qd4+ 43. Qe3 Qb2+ 44. Qe2 c3 0-1

[Event "USCL Carolina vs San Francisco"]
[Site "?"]
[Date "2005.08.31"]
[Round "1"]
[White "Hoekstra, Matthew"]
[Black "Zilberstein, Dmitry"]
[Result "0-1"]
[WhiteElo "2395"]
[BlackElo "2425"]
[PlyCount "174"]
[EventDate "2015.05.30"]
[SourceDate "2015.05.30"]

1. d4 d5 2. Bg5 c6 3. Nf3 h6 4. Bh4 Qb6 5. b3 Bf5 6. e3 e6 7. Bd3 Bxd3 8. Qxd3
Nd7 9. O-O Be7 10. Bxe7 Nxe7 11. e4 dxe4 12. Qxe4 Nf6 13. Qe5 Rd8 14. Nbd2 Nf5
15. Nc4 Qb4 16. a3 Qc3 17. Qc5 Nxd4 18. Nd6+ Kf8 19. Qxc3 Ne2+ 20. Kh1 Nxc3 21.
Nxb7 Rd5 22. Rae1 Nfe4 23. Re3 g5 24. Rd3 Kg7 25. b4 g4 26. Nd4 Rb8 27. Na5 c5
28. Ndc6 Rb6 29. f3 Rxd3 30. cxd3 Nd2 31. Rc1 cxb4 32. Nxb4 gxf3 33. gxf3 Nb5
34. Nc4 Nxc4 35. dxc4 Nxa3 36. Nd3 Rb1 37. Rxb1 Nxb1 38. Kg2 a5 39. c5 Kf8 40.
Kf2 a4 41. Ke3 a3 42. Nb4 Nc3 43. Kd3 a2 44. Nc2 Nb5 45. Na1 Ke7 46. Kc4 Nc7
47. Kb3 Kd7 48. Kxa2 Kc6 49. Kb3 Kxc5 50. Kc2 Kd4 51. Kd2 Ke5 52. Nc2 Nd5 53.
Ke2 Kf4 54. Ne1 Kf5 55. Kf2 Nf4 56. Nc2 h5 57. Kg3 Ng6 58. Ne3+ Ke5 59. Nc2 Kd5
60. Kf2 f6 61. Ke3 e5 62. Nb4+ Ke6 63. Nd3 Kf5 64. Nf2 Ne7 65. Ne4 Nd5+ 66. Kf2
Kf4 67. h4 Kf5 68. Nd6+ Kg6 69. Nc4 Ne7 70. Kg3 Nf5+ 71. Kh3 Kf7 72. Nd2 Nd4
73. Kg2 f5 74. Nf1 Kg6 75. Ng3 Ne6 76. Kg1 Nc5 77. Kg2 f4 78. Ne2 Kf5 79. Nc3
e4 80. fxe4+ Nxe4 81. Ne2 Kg4 82. Nd4 Nd6 83. Kf2 Nf5 84. Nf3 Nxh4 85. Ne5+ Kf5
86. Nc4 Ng6 87. Nd6+ Kg4 0-1

[Event "USCL Carolina vs San Francisco"]
[Site "?"]
[Date "2005.08.31"]
[Round "1"]
[White "Yap, Nicolas"]
[Black "Timmel, John"]
[Result "1-0"]
[WhiteElo "2248"]
[BlackElo "2101"]
[PlyCount "135"]
[EventDate "2015.05.30"]
[SourceDate "2015.05.30"]

1. e4 e5 2. Nf3 d6 3. d4 Nd7 4. Nc3 c6 5. Bc4 Qf6 6. Be3 h6 7. Qd2 Be7 8. O-O-O
Bd8 9. Kb1 Ne7 10. h4 Ng6 11. h5 Nf4 12. Nh4 Nb6 13. Bb3 Bg4 14. f3 Be6 15.
Bxf4 Qxf4 16. Qxf4 exf4 17. Bxe6 fxe6 18. Ng6 Rg8 19. Nxf4 Kd7 20. Rhe1 Nc8 21.
Ng6 Ne7 22. Nxe7 Bxe7 23. f4 Rgf8 24. Rf1 Rf7 25. g4 Raf8 26. Ne2 Bg5 27. f5
Ke7 28. Rfe1 Bh4 29. Rh1 Bg5 30. Nc3 Bf4 31. Rhe1 e5 32. Ne2 Bg5 33. dxe5 dxe5
34. Rd3 Rd8 35. Red1 Rxd3 36. Rxd3 Ke8 37. c3 Rd7 38. Kc2 Bh4 39. Ng1 Ke7 40.
Nf3 Bf6 41. Kd2 Rd6 42. Rxd6 Kxd6 43. Kd3 Kc5 44. Nd2 b5 45. Nb3+ Kb6 46. c4 b4
47. Nd2 a5 48. Nf3 Kc5 49. b3 Kd6 50. g5 hxg5 51. Nh2 c5 52. Ng4 Ke7 53. Ke3
Kf8 54. Kf3 Kf7 55. Kg3 Ke7 56. h6 gxh6 57. Nxh6 Bg7 58. Ng4 Bh8 59. Ne3 Kf7
60. Kg4 Bf6 61. Kh5 Be7 62. Ng4 Bd6 63. Kxg5 Bc7 64. Nh6+ Ke7 65. Kg6 Bd6 66.
Kg7 Ke8 67. Kf6 Kd7 68. Ng4 1-0

[Event "USCL Philadelphia vs Boston"]
[Site "?"]
[Date "2005.09.07"]
[Round "2"]
[White "Friedel, Josh"]
[Black "Boor, Carl"]
[Result "1-0"]
[WhiteElo "2508"]
[BlackElo "2296"]
[PlyCount "75"]
[EventDate "2015.05.30"]
[SourceDate "2015.05.30"]

1. e4 c5 2. Nf3 e6 3. d4 cxd4 4. Nxd4 Nf6 5. Nc3 Nc6 6. Nxc6 bxc6 7. e5 Nd5 8.
Ne4 Bb7 9. Bd3 Qc7 10. f4 c5 11. c4 Nb4 12. Bb1 Be7 13. O-O h5 14. Be3 f5 15.
Nd6+ Bxd6 16. Qxd6 Qxd6 17. exd6 Na6 18. a3 Kf7 19. Bd2 Rac8 20. Bc3 Rh6 21.
Rf2 Nb8 22. h4 Rg6 23. Kh2 Rg4 24. g3 Rc6 25. Bc2 Ba6 26. Bd1 Rxd6 27. Rd2
Rxd2+ 28. Bxd2 Nc6 29. Rc1 e5 30. Bxg4 hxg4 31. Kg2 Ke6 32. Kf2 g6 33. b4 Bb7
34. bxc5 Ba6 35. fxe5 Kxe5 36. Bc3+ Ke4 37. Rd1 Bc8 38. Rd6 1-0

[Event "USCL Philadelphia vs Boston"]
[Site "?"]
[Date "2005.09.07"]
[Round "2"]
[White "Costigan, Richard"]
[Black "MacIntyre, Paul"]
[Result "1-0"]
[WhiteElo "2284"]
[BlackElo "2315"]
[PlyCount "75"]
[EventDate "2015.05.30"]
[SourceDate "2015.05.30"]

1. e4 e5 2. Nf3 Nc6 3. Bc4 Bc5 4. c3 Bb6 5. d4 Qe7 6. Bg5 Nf6 7. d5 Nd8 8. d6
Qxd6 9. Qxd6 cxd6 10. Bxf6 gxf6 11. Nh4 d5 12. Bxd5 d6 13. Na3 Nc6 14. Rd1 Ke7
15. Ke2 Be6 16. Rd3 Rad8 17. Rhd1 Rd7 18. Nc4 Bc7 19. Ne3 Rhd8 20. Nef5+ Kf8
21. Rg3 Ne7 22. Nh6 Rb8 23. Rdd3 Ng6 24. Nxg6+ hxg6 25. Bxe6 fxe6 26. Rxg6 Bd8
27. Rdg3 d5 28. Rg8+ Ke7 29. Nf7 Bc7 30. Nh6 Rxg8 31. Nxg8+ Kf7 32. Nh6+ Ke7
33. Rg7+ Kd6 34. Nf7+ Kc5 35. h4 Bd8 36. Nxd8 Rxd8 37. Rxb7 dxe4 38. Rxa7 1-0

[Event "USCL Philadelphia vs Boston"]
[Site "?"]
[Date "2005.09.07"]
[Round "2"]
[White "Krasik, Ilya"]
[Black "Wilson, Elvin"]
[Result "0-1"]
[WhiteElo "2153"]
[BlackElo "2240"]
[PlyCount "76"]
[EventDate "2015.05.30"]
[SourceDate "2015.05.30"]

1. d4 d5 2. c4 c6 3. Nf3 Nf6 4. Nc3 dxc4 5. e4 b5 6. e5 Nd5 7. a4 e6 8. Ng5 h6
9. Nge4 b4 10. Nb1 Ba6 11. Qg4 b3 12. Bd2 h5 13. Qf3 Nb4 14. Na3 Qxd4 15. Bc3
Qd5 16. Rd1 Nd3+ 17. Bxd3 cxd3 18. O-O Nd7 19. Nb5 Bxb5 20. axb5 Nc5 21. Rfe1
Nxe4 22. Rxe4 Rd8 23. bxc6 Qxc6 24. Rxd3 Be7 25. Rxd8+ Bxd8 26. Qd3 O-O 27. h3
Be7 28. Rd4 Qb6 29. Qf3 Bc5 30. Rd7 a5 31. Rb7 Qa6 32. Rxb3 a4 33. Rb7 a3 34.
b4 a2 35. Ba1 Qc4 36. Qc3 Qe4 37. Rb5 Qb1+ 38. Kh2 Bxf2 0-1

[Event "USCL Baltimore vs New York"]
[Site "?"]
[Date "2005.09.07"]
[Round "2"]
[White "Krush, Irina"]
[Black "Enkhbat, Tegshsuren"]
[Result "1/2-1/2"]
[WhiteElo "2443"]
[BlackElo "2420"]
[PlyCount "52"]
[EventDate "2015.05.30"]
[SourceDate "2015.05.30"]

1. d4 Nf6 2. c4 c6 3. Nc3 d5 4. e3 a6 5. Nf3 e6 6. b3 Bb4 7. Bd2 O-O 8. Bd3
Nbd7 9. O-O Bd6 10. Qc2 e5 11. cxd5 cxd5 12. e4 exd4 13. Nxd5 Nxd5 14. exd5 Nf6
15. h3 h6 16. Rad1 Nxd5 17. Nxd4 Qf6 18. Be4 Nf4 19. Be3 Bxh3 20. gxh3 Qg5+ 21.
Kh1 Qh4 22. f3 Nxh3 23. Kg2 Qg3+ 24. Kh1 Qh4 25. Kg2 Qg3+ 26. Kh1 Qh4 1/2-1/2

[Event "USCL Baltimore vs New York"]
[Site "?"]
[Date "2005.09.07"]
[Round "2"]
[White "Kaufman, Larry"]
[Black "Bonin, Jay"]
[Result "1-0"]
[WhiteElo "2368"]
[BlackElo "2421"]
[PlyCount "99"]
[EventDate "2015.05.30"]
[SourceDate "2015.05.30"]

1. e4 Nc6 2. Nf3 d6 3. d4 Nf6 4. Nc3 Bg4 5. d5 Nb8 6. Be2 Bxf3 7. Bxf3 g6 8. g4
h6 9. h4 Bg7 10. Be3 c6 11. Qe2 Qa5 12. Bd2 h5 13. g5 Nfd7 14. Bg2 Qa6 15. f4
Qxe2+ 16. Kxe2 Nb6 17. b3 cxd5 18. exd5 N8d7 19. Rae1 Rc8 20. Rh3 O-O 21. Kd1
Rfe8 22. Ne4 Na8 23. Rhe3 Nc7 24. Bh3 Rcd8 25. c4 Nf8 26. Bb4 b6 27. Kc2 a5 28.
Ba3 b5 29. Bc1 bxc4 30. bxc4 e6 31. Bd2 exd5 32. Bxa5 Ra8 33. Bxc7 Rxa2+ 34.
Kd1 dxe4 35. Bxd6 Bd4 36. R3e2 Ra6 37. Be5 Rd8 38. Rd2 Ra1+ 39. Ke2 Rxe1+ 40.
Kxe1 Bb6 41. Rxd8 Bxd8 42. c5 f5 43. gxf6 Kf7 44. c6 Ne6 45. Bxe6+ Kxe6 46. Ke2
Bb6 47. c7 Bxc7 48. Bxc7 Kxf6 49. Ke3 Kf5 50. Bd8 1-0

[Event "USCL Baltimore vs New York"]
[Site "?"]
[Date "2005.09.07"]
[Round "2"]
[White "Rosenberg, Evan"]
[Black "Rohonyan, Katerina"]
[Result "1-0"]
[WhiteElo "2123"]
[BlackElo "2175"]
[PlyCount "63"]
[EventDate "2015.05.30"]
[SourceDate "2015.05.30"]

1. d4 d5 2. Bg5 h6 3. Bh4 c6 4. e3 Qb6 5. Qc1 e5 6. Nf3 exd4 7. Nxd4 c5 8. Nf3
Be7 9. Bxe7 Nxe7 10. c4 O-O 11. cxd5 Nxd5 12. Bc4 Nb4 13. a3 N4c6 14. Nbd2 Bf5
15. O-O Nd7 16. Qc3 Rfe8 17. Rfd1 Nde5 18. Bd5 Rac8 19. Bxc6 Nxc6 20. Nc4 Qc7
21. Nd6 Bg4 22. Nxe8 Rxe8 23. Qxc5 Bxf3 24. gxf3 Qc8 25. Qc4 h5 26. Rd5 Qh3 27.
Qf4 Re6 28. Rg5 Rh6 29. Qg3 Qxg3+ 30. hxg3 h4 31. gxh4 Rxh4 32. Rd1 1-0

[Event "USCL Miami vs Carolina"]
[Site "?"]
[Date "2005.09.07"]
[Round "2"]
[White "Milman, Lev"]
[Black "Martinez, Marcel"]
[Result "1/2-1/2"]
[WhiteElo "2538"]
[BlackElo "2451"]
[PlyCount "63"]
[EventDate "2015.05.30"]
[SourceDate "2015.05.30"]

1. e4 e5 2. Nf3 Nc6 3. Bb5 Nd4 4. Nxd4 exd4 5. O-O g6 6. c3 Bg7 7. e5 c6 8. Bc4
Ne7 9. cxd4 d5 10. Bd3 Qb6 11. Qa4 Bf5 12. Be2 Bxb1 13. Rxb1 Nf5 14. Bg4 Qxd4
15. Qxd4 Nxd4 16. f4 O-O 17. b3 f5 18. exf6 Bxf6 19. g3 Kg7 20. Kg2 Rfe8 21.
Bb2 Nb5 22. Bxf6+ Kxf6 23. Rbe1 Nd4 24. Bd1 a5 25. g4 Rad8 26. h4 Re4 27. Rxe4
dxe4 28. Kf2 Ne6 29. Ke1 Nd4 30. Kf2 Ne6 31. Ke1 Nd4 32. Kf2 1/2-1/2

[Event "USCL Miami vs Carolina"]
[Site "?"]
[Date "2005.09.07"]
[Round "2"]
[White "Lugo, Blas"]
[Black "Hoekstra, Matthew"]
[Result "1-0"]
[WhiteElo "2429"]
[BlackElo "2395"]
[PlyCount "188"]
[EventDate "2015.05.30"]
[SourceDate "2015.05.30"]

1. e4 c6 2. Nc3 g6 3. d4 Bg7 4. Be3 Nh6 5. Be2 d5 6. Qd2 Ng4 7. Bxg4 Bxg4 8. f3
Be6 9. Bh6 Bxh6 10. Qxh6 dxe4 11. Qg7 Rf8 12. fxe4 Nd7 13. d5 cxd5 14. exd5 Bf5
15. O-O-O Nf6 16. Nf3 Qd6 17. Qh6 Rc8 18. Qe3 Nxd5 19. Rxd5 Rxc3 20. Qxc3 Qxd5
21. Rd1 Qc6 22. Qxc6+ bxc6 23. Rd4 f6 24. Ra4 Kf7 25. Rxa7 Be4 26. a4 g5 27. a5
g4 28. Ne1 Ke6 29. g3 Rb8 30. b3 Kd6 31. Kd2 h5 32. a6 f5 33. Nd3 h4 34. Rb7
hxg3 35. hxg3 Ra8 36. a7 c5 37. Rb6+ Kc7 38. Re6 Bxd3 39. Kxd3 Kd7 40. Ra6 e5
41. Rf6 Ke7 42. Rxf5 Ke6 43. Rg5 Rxa7 44. Rxg4 Kf5 45. Rc4 Rg7 46. g4+ Ke6 47.
Ra4 Kd5 48. Ke3 Kc6 49. Kf3 Kd5 50. Rc4 Rg8 51. Ra4 Rg7 52. Ke3 Kc6 53. Kd3 Rg8
54. c3 Rg7 55. Ra6+ Kb5 56. Re6 Rxg4 57. Rxe5 Rg3+ 58. Re3 Rg6 59. Rh3 Rd6+ 60.
Kc2 Rg6 61. Kb2 Rf6 62. Rh5 Kb6 63. Ka3 Rg6 64. Ka4 Rg4+ 65. c4 Rg6 66. Rh8 Rf6
67. Rb8+ Kc7 68. Rb5 Kc6 69. Ka5 Rf3 70. Rb6+ Kc7 71. Rb5 Kc6 72. Ka6 Rh3 73.
Rb8 Kc7 74. Rb7+ Kc6 75. Rb6+ Kc7 76. Ka5 Rg3 77. Rb5 Kc6 78. Ka4 Rg1 79. Ka3
Ra1+ 80. Kb2 Rh1 81. Rb8 Kc7 82. Rg8 Rh6 83. Rg5 Kb6 84. Ka3 Rf6 85. Ka4 Rh6
86. Rg8 Rf6 87. b4 cxb4 88. Kxb4 Rh6 89. Ra8 Rh1 90. Ra3 Rb1+ 91. Kc3 Rc1+ 92.
Kd3 Rd1+ 93. Kc2 Rh1 94. Rg3 Kc5 1-0

[Event "USCL Miami vs Carolina"]
[Site "?"]
[Date "2005.09.07"]
[Round "2"]
[White "Timmel, John"]
[Black "Cabrera, Jose"]
[Result "0-1"]
[WhiteElo "2101"]
[BlackElo "2094"]
[PlyCount "112"]
[EventDate "2015.05.30"]
[SourceDate "2015.05.30"]

1. e4 c5 2. Nf3 d6 3. d4 cxd4 4. Nxd4 Nf6 5. Nc3 a6 6. g3 g6 7. Bg2 Bg7 8. O-O
O-O 9. h3 Bd7 10. Be3 Nc6 11. a4 Ne5 12. f4 Nc4 13. Bf2 Qc8 14. g4 Nxb2 15. Qf3
e5 16. g5 exd4 17. gxf6 Qxc3 18. fxg7 Kxg7 19. Qxc3 dxc3 20. Bd4+ Kg8 21. a5
Nc4 22. Rfe1 Rac8 23. Bxc3 Rfe8 24. Bb4 Bc6 25. Re2 Re6 26. Rae1 Rce8 27. Bc3
d5 28. e5 d4 29. Bxd4 Nxa5 30. Rb1 b5 31. Ra1 Bxg2 32. Rxg2 Nc4 33. f5 Rc6 34.
e6 fxe6 35. fxg6 e5 36. gxh7+ Kxh7 37. Re1 Rg6 38. Rxg6 Kxg6 39. Bf2 Kf5 40.
Bg3 Nd2 41. Rd1 Nc4 42. Kf2 a5 43. Ke2 Ke4 44. Rb1 Rb8 45. Be1 b4 46. Rb3 Rg8
47. c3 Rg2+ 48. Bf2 Nd2 49. Rb2 bxc3 50. Rc2 Kd5 51. Rxc3 Rxf2+ 52. Ke3 Rf3+
53. Kxd2 Rxc3 54. Kxc3 e4 55. h4 Ke6 56. Kc4 a4 0-1

[Event "USCL San Francisco vs Dallas"]
[Site "?"]
[Date "2005.09.07"]
[Round "2"]
[White "Donaldson, John"]
[Black "Ramirez, Alejandro"]
[Result "1/2-1/2"]
[WhiteElo "2461"]
[BlackElo "2565"]
[PlyCount "105"]
[EventDate "2015.05.30"]
[SourceDate "2015.05.30"]

1. Nf3 d5 2. d4 Nf6 3. c4 c6 4. Nc3 a6 5. c5 Nbd7 6. Bf4 Nh5 7. Bd2 Nhf6 8. Qc2
Qc7 9. e4 Nxe4 10. Nxe4 dxe4 11. Qxe4 Nf6 12. Qc2 Be6 13. Bd3 Bd5 14. O-O-O g6
15. Ne5 Bg7 16. f4 Bxg2 17. Rhe1 Bd5 18. f5 Nd7 19. Nc4 Bxd4 20. Nd6+ Kd8 21.
Ba5 b6 22. cxb6 Bxb6 23. Bxb6 Nxb6 24. Nc4 gxf5 25. Qc3 Rg8 26. Nxb6 Qxb6 27.
Bxf5 Rb8 28. Bxh7 Rg2 29. Bc2 Qb4 30. Qh8+ Kd7 31. Qe5 Qc5 32. Re2 Rxe2 33.
Qxe2 Qb5 34. Bd3 Qc5+ 35. Kb1 a5 36. Be4 e6 37. Qf3 f5 38. Qg3 Qb4 39. Qg7+ Qe7
40. Qe5 Rb5 41. Bc2 Kc8 42. Qh8+ Qd8 43. Qh7 Rb7 44. Qh6 Kb8 45. h4 Ka7 46. h5
Qb6 47. Qf6 Qe3 48. Ka1 Qe2 49. Qd4+ Kb8 50. Qh8+ Ka7 51. Qd4+ Kb8 52. Qh8+ Ka7
53. Qd4+ 1/2-1/2